书目信息 |
| 题名: |
随机过程原理与生命科学模型
|
|
| 作者: | 蒋庆琅 , Chiang 著 ;方积乾 译 | |
| 分册: | ||
| 出版信息: | 上海 上海翻译出版公司 1987 |
|
| 页数: | 480页 | |
| 开本: | 20cm | |
| 丛书名: | ||
| 单 册: | ||
| 中图分类: | Q-332 , Q10 | |
| 科图分类: | ||
| 主题词: | 随机过程-生物统计 , 生物统计-随机过程 , 生命起源 | |
| 电子资源: | ||
| ISBN: | ||
| 000 | 01041nam0 2200325 45 | |
| 001 | 0187010410 | |
| 005 | 20040524161910.3 | |
| 010 | @dCNY4.70 | |
| 091 | @a13311.40 | |
| 100 | @a19930830d1987 kemy0chiy0121 ea | |
| 101 | 1 | @achi@ceng |
| 102 | @aCN@b310000 | |
| 105 | @aa z 000yy | |
| 106 | @ar | |
| 200 | 10 | @a随机过程原理与生命科学模型@Asui ji guo cheng yuan li yu sheng ming ke xue mo xing@f(美)蒋庆琅(Chiang,C.L.)著@g方积乾译 |
| 210 | @a上海@c上海翻译出版公司@d1987 | |
| 215 | @a480页@c表@d20cm | |
| 300 | @a书名原文: An introduction to stochastic processes and their applications | |
| 510 | 1 | @aAn introduction to stochastic processes and their applications@zeng |
| 606 | @a随机过程-生物统计 | |
| 606 | @a生物统计-随机过程 | |
| 606 | 0 | @a生命起源 |
| 690 | @aQ-332@v3 | |
| 690 | @aQ10 | |
| 701 | 1 | @a蒋庆琅@Ajiang qing lang@bC.L.@4著 |
| 701 | A1 | @aChiang@bC.L.@4著 |
| 702 | 0 | @a方积乾@Afang ji qian@4译 |
| 801 | 0 | @aCN@b深圳图书馆@c20040524 |
| 801 | 2 | @aCN@bNLC@c20040524 |
| 905 | @f2@b206091-092@dQ10@e25 | |
| 随机过程原理与生命科学模型/(美)蒋庆琅(Chiang,C.L.)著/方积乾译.-上海:上海翻译出版公司,1987 |
| 480页:表;20cm |
| 书名原文: An introduction to stochastic processes and their applications |
| ISBN :CNY4.70 |
| ● |
| 相关链接 |
|
|
|
|
正题名:随机过程原理与生命科学模型
索取号:Q10/25
 
预约/预借
| 序号 | 登录号 | 条形码 | 馆藏地/架位号 | 状态 | 备注 |
| 1 | 0206089 | 000077295 | 密集书库/ [索取号:Q10/25] | 在馆 | |
| 2 | 0206090 | 000077302 | 第三借阅区/ [索取号:Q10/25] | 在馆 | |
| 3 | 0206091 | 000077311 | 密集书库/ [索取号:Q10/25] | 在馆 | |
| 4 | 0206092 | 000698873 | 密集书库/ [索取号:Q10/25] | 在馆 | |
| 5 | 0206093 | 000698819 | 第二样本阅览室/ [索取号:Q10/25] | 在馆 |